| 000 | 00560nam a22002417a 4500 | ||
|---|---|---|---|
| 005 | 20240813114146.0 | ||
| 008 | 161011b xxu||||| |||| 00| 0 spa d | ||
| 020 | _a9788401343117 | ||
| 041 | _aESP | ||
| 082 | _a813.54 K52mr | ||
| 100 |
_aKing, Stephen _92342 |
||
| 245 | _aMr. Mercedes | ||
| 260 | _aEspaña | ||
| 260 | _bPlaza Janés | ||
| 260 | _c2014 | ||
| 300 | _a492 páginas | ||
| 650 | _aLITERATURA ESTADOUNIDENSE | ||
| 650 | _aNOVELA | ||
| 650 | _aMISTERIO | ||
| 650 | _aSUSPENSO | ||
| 650 | _aNOVELAS POLICÍACAS | ||
| 942 |
_cLIT _2ddc |
||
| 999 |
_c8528 _d8528 |
||